Nghi lễ chuyển đổi của người Hoa Quảng Đông ở thành phố Hồ Chí Minh ngày nay

Nội dung sách giới thiệu những vấn đề lý thuyết, tổng quan tình hình nghiên cứu và tổng quan về người Hoa Quảng Đông ở thành phố Hồ Chí Minh. Nghi lễ chuyển đổi của người Hoa Quảng Đông. Những yếu tố ảnh hưởng đến nghi lễ chuyển đo...

وصف كامل

محفوظ في:
التفاصيل البيبلوغرافية
المؤلف الرئيسي: Trần, Hạnh Minh Phương
التنسيق: كتاب
اللغة:Undetermined
منشور في: Hà Nội Mỹ thuật 2017
الموضوعات:
الوسوم: إضافة وسم
لا توجد وسوم, كن أول من يضع وسما على هذه التسجيلة!
Thư viện lưu trữ: Trung tâm Học liệu Trường Đại học Cần Thơ
LEADER 01148nam a2200205Ia 4500
001 CTU_226771
008 210402s9999 xx 000 0 und d
082 |a 390.09597 
082 |b Ph561 
100 |a Trần, Hạnh Minh Phương 
245 0 |a Nghi lễ chuyển đổi của người Hoa Quảng Đông ở thành phố Hồ Chí Minh ngày nay 
245 0 |c Trần Hạnh Minh Phương 
260 |a Hà Nội 
260 |b Mỹ thuật 
260 |c 2017 
520 |a Nội dung sách giới thiệu những vấn đề lý thuyết, tổng quan tình hình nghiên cứu và tổng quan về người Hoa Quảng Đông ở thành phố Hồ Chí Minh. Nghi lễ chuyển đổi của người Hoa Quảng Đông. Những yếu tố ảnh hưởng đến nghi lễ chuyển đổi và sự biến đổi trong nghi lễ chuyển đổi ngày nay. 
650 |a Phong tục tập quán,Manners and customs 
650 |z Việt Nam,Vietnam 
910 |b dqhieu 
980 |a Trung tâm Học liệu Trường Đại học Cần Thơ